| 000 | 02888nam0a22004571 4500 | ||
|---|---|---|---|
| 001 | RU\NLR\P19\A1SV\39792 | ||
| 005 | 20260406161416.0 | ||
| 035 | _a(NLR Aleph) 011122778 | ||
| 090 |
_a11530659 _c11530659 |
||
| 100 | _a20120302d1924 u y0rusy50 ca | ||
| 101 | 0 |
_arus _aeng |
|
| 102 | _aRU | ||
| 105 | _aa z||||||z| | ||
| 200 | 1 |
_aРыбы р. Печоры _e(материалы ихтиологических исследований, произведенных в 1920 г. при участии проф. С.А.Зернова и студентов Отд. рыбов. П. с.-х. акад.: М.С.Зернова, И.Л.Ловецкого и Н.С.Овсянникова) _fпроф. В. К. Солдатов |
|
| 210 |
_aМосква _aПетроград _cтипография "Красный агитатор" _d1924 |
||
| 215 |
_a74 с. _cил., табл. _d26 |
||
| 225 | 1 |
_a[Труды] Научно-технический отдел ВСНХ _vN° 6 |
|
| 225 | 1 |
_aТруды Северной Научно-Промысловой экспедиции _vвып. 17 |
|
| 300 | _aНа 3-я стр. текста пер. тит. л. на англ. яз. | ||
| 300 | _aНапеч. в Петрограде | ||
| 300 | _aВ предисл. авт.: зав. Печор. отрядом Севэкспедиции проф. В.Солдатов | ||
| 320 | _aБиблиогр. в подстроч. примеч. | ||
| 606 | 1 |
_aРыбы _xБассейн _yПечора, река (Северо-Восток Европейской части РФ) _91902753 _3RU\NLR\AUTH\66866373 |
|
| 606 | 1 |
_aПромысловые рыбы _xБассейн _yПечора, река (Северо-Восток Европейской части РФ) _92104891 _3RU\NLR\AUTH\661576272 |
|
| 617 |
_aРоссия _mЕвропейская часть _mСеверо-Восток _mПечора, река |
||
| 620 | _dМосква | ||
| 620 | _dСанкт-Петербург | ||
| 686 | _aЕ693.32(2Р31,5) | ||
| 686 | _aП729(2Р31,5) | ||
| 700 | 1 |
_8rus _7ca _aСолдатов _bВ. К. _f1875-1941 _gВладимир Константинович _3RU\NLR\AUTH\77112342 _995267 |
|
| 702 | 1 |
_8rus _7ca _aЗернов _bС. А. _f1871-1945 _gСергей Алексеевич _3RU\NLR\AUTH\77112343 _995268 |
|
| 702 | 1 |
_8rus _7ca _aЗернов _bМ. С. _f1901- _gМихаил Сергеевич _3RU\NLR\AUTH\77112344 _995269 |
|
| 702 | 1 |
_8rus _7ca _aЛовецкий _bИ. Л. _3RU\NLR\AUTH\77112346 _995271 |
|
| 702 | 1 |
_8rus _7ca _aОвсянников _bН. С. _gНиколай Сергеевич _3RU\NLR\AUTH\77112347 _995272 |
|
| 711 | 0 | 2 |
_aСеверная научно-промысловая экспедиция _c1920- _3RU\NLR\AUTH\889932753 _9360770 |
| 801 | 0 |
_aRU _bNLR _c20120302 |
|
| 801 | 2 |
_aRU _bNLR _c20120524 _2rusmarc |
|
| 852 |
_aNLR _j17.148.1.15-17 |
||
| 852 |
_aNLR _j17.148.1.15-17а |
||
| 942 | _cBOOK | ||
| 980 | _aNB | ||